A vida secreta de uma mãe desleixada (Registo nº 5978)
[ vista simples ]
| 000 -Etiqueta do registo | |
|---|---|
| Valores | 01706nam a2200229 4500 |
| 010 ## - Número ISBN | |
| ISBN | 9789895553693 |
| 021 ## - Número do Depósito Legal | |
| Número | 293627/09 |
| 100 ## - Dados gerais de processamento | |
| Dados gerais | 20211231d2009 m||y0pory5003 ba |
| 200 1# - Titulo e menção de responsabilidade | |
| Título próprio | A vida secreta de uma mãe desleixada |
| Primeira menção de responsabilidade | Fiona Neill |
| Outras menções de responsabilidade | trad. Mariana Avelãs |
| 210 #9 - Publicação | |
| Local de publicação | Alfragide |
| Nome do editor | Oficina do Livro |
| Data de publicação | 2009 |
| 215 ## - Descrição física | |
| Paginação / Volumes | 359 p. |
| 304 ## - Nota relativa ao título | |
| Texto de nota | Tít. orig.: The secret life of a slummy mummy |
| 330 ## - Sumário ou Resumo | |
| Texto da nota | Para Lucy Sweeney, ser mãe não passa propriamente por aulas de ioga e artigos estampados com marcas infantis. Há anos que a pilha de roupa para lavar não tem menos de um metro de altura, há meses que não se lembra sequer do que é ter sexo com o marido, mas só passou uma uma semana desde a última vez que levou os filhos à escola... de pijama.<br/>Quando Lucy decidiu abdicar da sua carreira profissional para se dedicar à de mãe/esposa/dona de casa, não contava com as surpresas que a vida doméstica reservava. O que lhe parecera uma decisão acertada começava a ganhar contornos de «o que é que eu fui fazer? Quero o meu horário das nove às cinco de volta!» Nada a fazer: esta era a nova vida de Lucy e tinha muito pouco de idílico.<br/>Escrito com um humor irresistível, A Vida Secreta de Uma Mãe Desleixada é um romance sobre os dilemas da maternidade e do casamento. Um retrato de uma sinceridade invulgar e inteligente sobre o que implica ser mãe, mulher, amante e amiga sem nunca perder a capacidade de rir. |
| 606 ## - Nome comum usado como assunto | |
| ID Autoridade | 13 |
| Palavra de ordem | Literatura Estrangeira |
| 675 ## - CDU | |
| Notação | 821.111-31"20" |
| Edição | BN |
| Língua | por |
| 700 ## - Autor principal (pessoa individual) | |
| Apelido | Neill |
| Nome | Fiona |
| ID Autoridade | 5657 |
| Datas | 1966- |
| 702 ## - Autor secundário (pessoa individual) | |
| Apelido | Avelãs |
| Nome | Mariana |
| ID Autoridade | 5658 |
| 801 #0 - Fonte de origem | |
| País | PT |
| Agência | BMVN |
| Regras de catalogação | RPC |
| 830 ## - Notas gerais do catalogador | |
| Criado por | Inês Silva |
| Data de criação | 31/12/2021 |
| 990 ## - Elementos KOHA | |
| Tipo de documento | Livro |
| Situação do levantamento | Biblioteca de origem | Código de barras | Cota | Permissão de empréstimo | Tipo de documento | Forma de aquisição |
|---|---|---|---|---|---|---|
| Biblioteca Municipal de Vendas Novas | 100000026360 | LE NEI/VID | Livro |